Which Letter Quiz Stats

 Plays Quiz not verified by Sporcle

Score 0/26 Timer 03:00
0 Plays Today
% Correct
f
89.7%
l
86.2%
r
86.2%
h
82.8%
n
82.8%
o
82.8%
q
82.8%
x
82.8%
g
79.3%
a
75.9%
b
75.9%
k
75.9%
v
75.9%
% Correct
d
72.4%
m
72.4%
t
72.4%
u
72.4%
z
72.4%
s
69%
y
69%
i
62.1%
p
62.1%
e
55.2%
c
51.7%
j
44.8%
w
37.9%

You're not logged in!

Compare scores with friends on all Sporcle quizzes.
OR
Log In

Show Comments

Extras

Created Feb 21, 2014ReportNominate
Tags:Clickable Quiz, Letter Quiz

Top Quizzes Today


Score Distribution

Your Account Isn't Verified!

In order to create a playlist on Sporcle, you need to verify the email address you used during registration. Go to your Sporcle Settings to finish the process.

Report this User

Report this user for behavior that violates our Community Guidelines.

Details: